书目信息 |
| 题名: |
商务英语
|
|
| 作者: | 黄熙 , 许谨 , 殷世宇 主编 | |
| 分册: | ||
| 出版信息: | 天津 天津大学出版社 2010.08 |
|
| 页数: | 137页 | |
| 开本: | 21cm | |
| 丛书名: | ||
| 单 册: | ||
| 中图分类: | H31 | |
| 科图分类: | ||
| 主题词: | 商务英语--shang wu ying yu--高等学校--教材 | |
| 电子资源: | ||
| ISBN: | 978-7-5618-3622-4 | |
| 000 | 01012nam0 2200289 450 | |
| 001 | 012011024640 | |
| 005 | 20110730092917.10 | |
| 010 | @a978-7-5618-3622-4@dCNY15.00 | |
| 100 | @a20110730d2010 em y0chiy0120 ea | |
| 101 | 0 | @achi@aeng |
| 102 | @aCN@b120000 | |
| 105 | @ay z 000yy | |
| 106 | @ar | |
| 200 | 1 | @a商务英语@Ashang wu ying yu@d= Elementary business English@f黄熙, 许谨, 殷世宇主编@Fhuang xi,xu jin,yin shi yu zhu bian@zeng |
| 210 | @a天津@c天津大学出版社@d2010.08 | |
| 215 | @a137页@d21cm | |
| 300 | @a大学英语选修教材 | |
| 330 | @a全书主要介绍各类简单的商务文体,分10个单元学习,每单元安排有常识预习、专题讲座、复习反馈、课题作业和自主拓展五个项目。 | |
| 333 | @a商务英语学习人员 | |
| 510 | 1 | @aElementary business English@zeng |
| 606 | 0 | @a商务英语@Ashang wu ying yu@x高等学校@j教材 |
| 690 | @aH31@v4 | |
| 701 | 0 | @a黄熙@Ahuang xi@4主编 |
| 701 | 0 | @a许谨@Axu jin@4主编 |
| 701 | 0 | @a殷世宇@Ayin shi yu@4主编 |
| 801 | 0 | @aCN@bQSSK@c20110730 |
| 905 | @b794030-32@dH31@eH903@f3 | |
| 商务英语= Elementary business English/黄熙, 许谨, 殷世宇主编.-天津:天津大学出版社,2010.08 |
| 137页;21cm |
| 大学英语选修教材.-使用对象:商务英语学习人员 |
| ISBN 978-7-5618-3622-4:CNY15.00 |
| 全书主要介绍各类简单的商务文体,分10个单元学习,每单元安排有常识预习、专题讲座、复习反馈、课题作业和自主拓展五个项目。 |
| ● |
| 相关链接 |
|
|
|
正题名:商务英语
索取号:H31/H903
 
预约/预借
| 序号 | 登录号 | 条形码 | 馆藏地/架位号 | 状态 | 备注 |
| 1 | 794030 | 207940308 | 语言库209/209语言库 82排3列1层/ [索取号:H31/H903] | 在馆 | |
| 2 | 794031 | 207940317 | 语言库209/209语言库 82排3列1层/ [索取号:H31/H903] | 在馆 | |
| 3 | 794032 | 207940326 | 语言库209/209语言库 82排3列1层/ [索取号:H31/H903] | 在馆 |